[Event "17ème Open International de La Réunion"]
[Site "Saint Denis"]
[Date "2015.10.10"]
[Round "3.36"]
[White "Boyer, Frederick"]
[Black "Cazal, Julian"]
[Result "0-1"]
[WhiteElo "1200"]
[BlackElo "1070"]
[PlyCount "66"]
[EventDate "2015.??.??"]

1. d4 d5 2. e3 Nf6 3. f3 Bd7 4. Nc3 e6 5. Qd3 c5 6. Bd2 Bd6 7. Nb5 Be7 8. e4 c4
9. Qe3 dxe4 10. Nc3 Qc7 11. fxe4 Ng4 12. Qh3 e5 13. Qg3 Bd6 14. d5 Bc5 15. Nb5
Bxb5 16. Qxg4 O-O 17. Bh6 g6 18. Bxf8 Kxf8 19. c3 Qb6 20. Nf3 Bf2+ 21. Kd1 Ba4+
22. Kc1 Qe3+ 23. Kb1 Nc6 24. dxc6 Rd8 25. Bxc4 Rd1+ 26. Rxd1 bxc6 27. b3 Qxc3
28. bxa4 Qb4+ 29. Bb3 Qc5 30. Kb2 Qe3 31. Qc8+ Kg7 32. Nxe5 Qe2+ 33. Ka3 Bc5#
0-1

[Event "17ème Open International de La Réunion"]
[Site "Saint Denis"]
[Date "2015.10.10"]
[Round "4.1"]
[White "Mezouaghi, Miloud"]
[Black "Sharma, Dinesh K"]
[Result "0-1"]
[WhiteElo "2074"]
[BlackElo "2356"]
[PlyCount "116"]
[EventDate "2015.??.??"]

1. e4 e6 2. d4 d5 3. Nc3 Nf6 4. Bg5 dxe4 5. Nxe4 Be7 6. Bxf6 gxf6 7. Qd2 f5 8.
Nc3 c6 9. Nf3 Nd7 10. O-O-O Qc7 11. h3 h5 12. g3 b6 13. Bg2 Bb7 14. Ne5 Rd8 15.
Qe2 Nxe5 16. dxe5 Rxd1+ 17. Rxd1 h4 18. Qd3 Bc8 19. f4 hxg3 20. Qxg3 Kf8 21.
Qd3 a6 22. a4 Rh4 23. Ne2 c5 24. Qf3 Rh8 25. Qa8 f6 26. Bc6 Kf7 27. exf6 Bxf6
28. Bg2 Ke7 29. Kb1 Kf7 30. Kc1 b5 31. axb5 axb5 32. Qc6 Qxc6 33. Bxc6 b4 34.
Bg2 Ke7 35. c4 Bd7 36. Kc2 Ba4+ 37. b3 Be8 38. Rd3 Bh5 39. Ng3 Bg6 40. Kd2 Rg8
41. Bc6 Bc3+ 42. Ke2 Rh8 43. Rd7+ Kf6 44. Bg2 Rg8 45. Bf3 Rh8 46. Bg2 Be8 47.
Rc7 Bd4 48. Kf1 Be3 49. Ne2 Bh5 50. Rc6 Ke7 51. Rc7+ Kd6 52. Rc6+ Kd7 53. Ra6
Ke7 54. Ra7+ Kf6 55. Rc7 Rd8 56. Bd5 exd5 57. Rc6+ Kf7 58. Ng3 Bg6 0-1

[Event "17ème Open International de La Réunion"]
[Site "Saint Denis"]
[Date "2015.10.10"]
[Round "4.2"]
[White "Lorans, Sylvain"]
[Black "Ralison, Milanto Harifidy"]
[Result "0-1"]
[WhiteElo "2188"]
[BlackElo "2046"]
[PlyCount "84"]
[EventDate "2015.??.??"]

1. d4 Nf6 2. Nf3 c5 3. c3 d5 4. Bf4 Nc6 5. e3 Bf5 6. Nbd2 e6 7. Be2 c4 8. Nh4
Be4 9. f3 Bg6 10. Nxg6 hxg6 11. e4 Nh5 12. Be3 Ng3 13. Rg1 Rxh2 14. Nf1 Nxf1
15. Kxf1 Bd6 16. e5 Bf8 17. Bf4 Rh8 18. Kf2 b5 19. b4 a5 20. a3 f6 21. exf6
gxf6 22. Rh1 Rxh1 23. Qxh1 e5 24. dxe5 fxe5 25. Bd2 Qb6+ 26. Kg3 d4 27. Qh3 Ne7
28. bxa5 Qd6 29. Qg4 Nd5 30. Qe4 O-O-O 31. Rb1 d3 32. Bd1 Qc6 33. a4 b4 34.
cxb4 c3 35. b5 Qc5 36. Rc1 Qd4 37. Bb3 Bc5 38. Qxd4 exd4 39. Bg5 Rd6 40. Rd1 d2
41. Bf4 Nxf4 42. Kxf4 d3 0-1

[Event "17ème Open International de La Réunion"]
[Site "Saint Denis"]
[Date "2015.10.10"]
[Round "4.3"]
[White "Riviere, Etienne"]
[Black "Harshal, Shahi"]
[Result "0-1"]
[WhiteElo "1846"]
[BlackElo "2079"]
[PlyCount "52"]
[EventDate "2015.??.??"]

1. e4 c5 2. Nf3 e6 3. d4 cxd4 4. Nxd4 Nc6 5. Nc3 Qc7 6. Be3 a6 7. Be2 Nf6 8.
O-O Bb4 9. f3 O-O 10. a3 Bxc3 11. bxc3 h6 12. Qd2 d5 13. exd5 Nxd5 14. Bf2 Na5
15. Be1 e5 16. Nb3 Rd8 17. Rd1 Bf5 18. Qc1 Nxc3 19. Rxd8+ Rxd8 20. Bxc3 Qxc3
21. Nxa5 Qxa5 22. Rd1 Rxd1+ 23. Qxd1 Qxa3 24. Qd8+ Kh7 25. Qc7 Qc1+ 26. Bf1 Bd3
0-1

[Event "17ème Open International de La Réunion"]
[Site "Saint Denis"]
[Date "2015.10.10"]
[Round "4.4"]
[White "Gretry, Patrice"]
[Black "Payet, Jean-Claude"]
[Result "1-0"]
[WhiteElo "1997"]
[BlackElo "1872"]
[PlyCount "49"]
[EventDate "2015.??.??"]

1. e4 c5 2. Nf3 Nc6 3. d4 cxd4 4. Nxd4 Nf6 5. Nc3 g6 6. Be3 Bg7 7. Bc4 O-O 8.
Bb3 a6 9. f3 b5 10. Qd2 Nxd4 11. Bxd4 Bb7 12. O-O-O d6 13. Kb1 Rc8 14. g4 e5
15. Be3 Ne8 16. h4 Rc4 17. h5 Qf6 18. Rh3 Bc8 19. hxg6 Qxg6 20. Rdh1 Rc6 21.
Nd5 Bf6 22. Qh2 Be6 23. Rxh7 Nc7 24. Nxf6+ Qxf6 25. Rh8+ 1-0

[Event "17ème Open International de La Réunion"]
[Site "Saint Denis"]
[Date "2015.10.10"]
[Round "4.5"]
[White "Calmels, Nicolas"]
[Black "Desire, Michael"]
[Result "0-1"]
[WhiteElo "1945"]
[BlackElo "1783"]
[PlyCount "65"]
[EventDate "2015.??.??"]

1. e4 c5 2. Nf3 d6 3. Nc3 Nf6 4. d4 cxd4 5. Nxd4 a6 6. Be2 e6 7. Be3 b5 8. a3
Be7 9. Qd2 Bb7 10. f3 Nbd7 11. g4 Nb6 12. g5 Nfd7 13. O-O-O d5 14. Nb3 Qc7 15.
exd5 Nxd5 16. Nxd5 Bxd5 17. Kb1 O-O 18. h4 Rac8 19. Nd4 Rfd8 20. Rh3 Nb6 21.
Bd3 Nc4 22. Qf2 Nxb2 23. c4 Nxd3 24. Rxd3 Bxc4 25. Rd2 Bxa3 26. h5 Qa5 27. Nc2
Bd3 28. Bd4 Qb4+ 29. Ka2 Bxc2 30. Rxc2 Rxc2+ 31. Qxc2 Qxd4 32. Kxa3 Qe3+ 33.
Kb4 0-1

[Event "17ème Open International de La Réunion"]
[Site "Saint Denis"]
[Date "2015.10.10"]
[Round "4.6"]
[White "Collet, Jean Daniel"]
[Black "Schneider, Wolfram"]
[Result "0-1"]
[WhiteElo "1656"]
[BlackElo "1988"]
[PlyCount "64"]
[EventDate "2015.??.??"]

1. e4 c5 2. d4 cxd4 3. c3 d5 4. exd5 Qxd5 5. Nf3 Nf6 6. Nxd4 Bd7 7. Be2 e5 8.
Nb3 Qxd1+ 9. Bxd1 Nc6 10. Be3 O-O-O 11. N1d2 Nd5 12. Bc5 Nf4 13. O-O Bxc5 14.
Nxc5 Bh3 15. Nde4 Bxg2 16. Bg4+ Kc7 17. Rfe1 h5 18. Bd1 Rh6 19. Bc2 Rg6 20. Ng3
Rg5 21. Nce4 Bxe4 22. Bxe4 h4 23. Kf1 hxg3 24. hxg3 Ne6 25. b4 Ne7 26. a4 b6
27. Rac1 f5 28. Bb1 f4 29. gxf4 Nxf4 30. c4 Rd2 31. c5 Nh3 32. cxb6+ Kd8 0-1

[Event "17ème Open International de La Réunion"]
[Site "Saint Denis"]
[Date "2015.10.10"]
[Round "4.7"]
[White "Neu, Jeannot"]
[Black "Dijoux, Julien"]
[Result "1-0"]
[WhiteElo "1694"]
[BlackElo "1908"]
[PlyCount "103"]
[EventDate "2015.??.??"]

1. d4 e6 2. e4 d5 3. e5 c5 4. c3 Qb6 5. Nf3 Nc6 6. a3 c4 7. Nbd2 Na5 8. g3 Bd7
9. Bg2 Ne7 10. O-O h6 11. Re1 Ng6 12. h4 Be7 13. Qc2 O-O-O 14. Bh3 Nf8 15. h5
Nh7 16. Bg2 Rdg8 17. Nh4 Bxh4 18. gxh4 Qd8 19. Nf3 Nb3 20. Rb1 Ba4 21. Qe2 Nxc1
22. Rbxc1 g5 23. hxg6 Rxg6 24. h5 Rg7 25. Kh1 Rhg8 26. Rg1 Ng5 27. Nh2 Nh7 28.
f4 Qh4 29. f5 Rg5 30. fxe6 fxe6 31. Bf3 Rxg1+ 32. Rxg1 Rxg1+ 33. Kxg1 Qg5+ 34.
Bg4 Be8 35. Qg2 Kd7 36. Qxd5+ Kc7 37. Qxc4+ Bc6 38. d5 Qe3+ 39. Kf1 Qc1+ 40.
Kf2 Qxb2+ 41. Be2 exd5 42. Qb4 Qxb4 43. axb4 Be8 44. Bg4 Ng5 45. Ke3 b6 46. Kd4
Bf7 47. Bd1 Be6 48. Ng4 Bxg4 49. Bxg4 Kc6 50. b5+ Kxb5 51. Kxd5 a6 52. e6 1-0

[Event "17ème Open International de La Réunion"]
[Site "Saint Denis"]
[Date "2015.10.10"]
[Round "4.8"]
[White "Horny, Guenter"]
[Black "Vitry, Patrick"]
[Result "1-0"]
[WhiteElo "1878"]
[BlackElo "1712"]
[PlyCount "41"]
[EventDate "2015.??.??"]

1. d4 Nf6 2. Nc3 d6 3. e4 g6 4. Be2 Bg7 5. f4 Nfd7 6. Nf3 c5 7. d5 a6 8. a4 b6
9. O-O Bb7 10. Be3 Qc7 11. Nd2 O-O 12. Bf3 e6 13. dxe6 fxe6 14. Nc4 Bxc3 15.
bxc3 Bxe4 16. Bxe4 d5 17. Bf3 dxc4 18. Bxa8 Nc6 19. Bxc6 Qxc6 20. Qf3 Qxf3 21.
Rxf3 1-0

[Event "17ème Open International de La Réunion"]
[Site "Saint Denis"]
[Date "2015.10.10"]
[Round "4.9"]
[White "Triton, Maxime"]
[Black "Rajaonson, Andriamahenina"]
[Result "1/2-1/2"]
[WhiteElo "1605"]
[BlackElo "1840"]
[PlyCount "76"]
[EventDate "2015.??.??"]

1. e4 c5 2. Nf3 d6 3. d4 cxd4 4. Nxd4 Nf6 5. Nc3 g6 6. Be3 Bg7 7. f3 O-O 8. Qd2
Nc6 9. Be2 Bd7 10. O-O-O Rc8 11. Kb1 a6 12. h4 h5 13. g4 Ne5 14. gxh5 Nxh5 15.
f4 Nc4 16. Bxc4 Rxc4 17. f5 Qc7 18. Nd5 Qd8 19. fxg6 fxg6 20. Rhg1 Kh7 21. Qg2
Qe8 22. Nxe7 Bxd4 23. Bxd4 Nf4 24. Qg5 Nh3 25. Qxg6+ Qxg6 26. Nxg6 Rg8 27. Ne7
Rxd4 28. Nxg8 Rxd1+ 29. Rxd1 Kxg8 30. Rxd6 Bc6 31. e5 Nf4 32. b3 Nd5 33. Kb2
Kf7 34. h5 Ne3 35. Rd3 Ng4 36. Rg3 Bd7 37. Kc3 Nxe5 38. h6 Ng4 1/2-1/2

[Event "17ème Open International de La Réunion"]
[Site "Saint Denis"]
[Date "2015.10.10"]
[Round "4.10"]
[White "Ratsimikatry, Caryl Patrick"]
[Black "Herrero, Alain"]
[Result "1-0"]
[WhiteElo "1836"]
[BlackElo "1689"]
[PlyCount "87"]
[EventDate "2015.??.??"]

1. e4 c5 2. Nf3 Nc6 3. d4 cxd4 4. Nxd4 g6 5. c4 Nf6 6. Nc3 Nxd4 7. Qxd4 Bg7 8.
Be3 d6 9. Be2 O-O 10. Qd2 Qa5 11. O-O Be6 12. f3 Rfc8 13. Nd5 Qxd2 14. Bxd2
Nxd5 15. exd5 Bd7 16. Be3 b6 17. Bd3 Bxb2 18. Rab1 Bg7 19. Rfe1 Rc7 20. Re2
Rac8 21. Kf2 Bf5 22. Bxf5 gxf5 23. Bg5 f6 24. Bd2 Bf8 25. a4 Rxc4 26. a5 Rb8
27. Be3 f4 28. Bc1 b5 29. a6 Ra4 30. Reb2 Rb6 31. Rxb5 Rbxa6 32. Ke2 Kf7 33.
Kd3 Kg6 34. Rb8 Kf7 35. R1b4 f5 36. Bxf4 Bg7 37. g4 Ra3+ 38. Rb3 Rxb3+ 39. Rxb3
Be5 40. Bxe5 dxe5 41. gxf5 Kf6 42. Rb7 h5 43. Rc7 h4 44. Rc6+ 1-0

[Event "17ème Open International de La Réunion"]
[Site "Saint Denis"]
[Date "2015.10.10"]
[Round "4.11"]
[White "Cochard, Franck-Olivier"]
[Black "Frelicot, Eric"]
[Result "1/2-1/2"]
[WhiteElo "1646"]
[BlackElo "1787"]
[PlyCount "40"]
[EventDate "2015.??.??"]

1. Nf3 d5 2. c4 d4 3. b4 c5 4. Bb2 Nf6 5. bxc5 Nc6 6. g3 e5 7. d3 Bxc5 8. Bg2
O-O 9. O-O Bg4 10. Nbd2 Qc8 11. Re1 Bh3 12. Bh1 Rb8 13. Ng5 Bg4 14. Nge4 Nxe4
15. Nxe4 Bb4 16. Nd2 Re8 17. a3 Ba5 18. Qc2 Ne7 19. e3 Nf5 20. exd4 exd4
1/2-1/2

[Event "17ème Open International de La Réunion"]
[Site "Saint Denis"]
[Date "2015.10.10"]
[Round "4.12"]
[White "Rajaobelina, Hery"]
[Black "Ringayen, Rose-May"]
[Result "0-1"]
[WhiteElo "1787"]
[BlackElo "1661"]
[PlyCount "70"]
[EventDate "2015.??.??"]

1. e4 e5 2. Nf3 Nc6 3. Bb5 a6 4. Ba4 Be7 5. O-O b5 6. Bb3 Nf6 7. Re1 O-O 8. c3
Bb7 9. d4 exd4 10. cxd4 Bb4 11. Nc3 d6 12. a3 Bxc3 13. bxc3 h6 14. e5 dxe5 15.
Nxe5 Nxe5 16. Rxe5 Ne4 17. Qd3 c5 18. Qh3 Qc8 19. Qh5 Nf6 20. Qh4 cxd4 21. Bxh6
Qg4 22. Qxg4 Nxg4 23. Bxg7 Nxe5 24. Bxe5 d3 25. f3 Rfe8 26. Bd4 Re2 27. Bd1
Re1+ 28. Kf2 Rae8 29. g4 Bd5 30. a4 Bb3 31. axb5 axb5 32. Ra6 Bxd1 33. Rh6
R8e2+ 34. Kg3 Kf8 35. h4 Bb3 0-1

[Event "17ème Open International de La Réunion"]
[Site "Saint Denis"]
[Date "2015.10.10"]
[Round "4.13"]
[White "Desor, Helmut"]
[Black "Chan-Faye, Yoann"]
[Result "1/2-1/2"]
[WhiteElo "1767"]
[BlackElo "1592"]
[PlyCount "26"]
[EventDate "2015.??.??"]

1. e4 c5 2. c4 Nc6 3. Nf3 d6 4. d4 cxd4 5. Nxd4 Nf6 6. Nc3 g6 7. Nxc6 bxc6 8.
Qc2 c5 9. Bg5 Bg7 10. Rd1 Qb6 11. b3 Bb7 12. Be2 O-O 13. O-O Rfe8 1/2-1/2

[Event "17ème Open International de La Réunion"]
[Site "Saint Denis"]
[Date "2015.10.10"]
[Round "4.14"]
[White "Romain, Arnaud"]
[Black "Bah, Ismael"]
[Result "0-1"]
[WhiteElo "1575"]
[BlackElo "1754"]
[PlyCount "122"]
[EventDate "2015.??.??"]

1. d4 d5 2. c4 e6 3. Nc3 Nf6 4. Bg5 Be7 5. Nf3 Nbd7 6. Ne5 c6 7. f3 Qa5 8. cxd5
exd5 9. e3 O-O 10. Bd3 Re8 11. O-O Qc7 12. f4 Qd8 13. Qc2 Nf8 14. Rae1 Nh5 15.
Bxe7 Rxe7 16. Nd1 Qe8 17. Qd2 Nf6 18. Nf2 N6d7 19. b4 f6 20. Nf3 Nb6 21. Qc3
Qh5 22. e4 dxe4 23. Nxe4 Nd5 24. Qb3 Kh8 25. Ng3 Qe8 26. Rxe7 Qxe7 27. Re1 Qd8
28. f5 Bd7 29. a3 Be8 30. Ne4 Bf7 31. Bc4 Bg8 32. Nc5 b5 33. Bd3 Nf4 34. Qc2
Nxd3 35. Qxd3 Bd5 36. Qe3 a5 37. Nb7 Qd7 38. Qe7 Qxf5 39. Kf2 axb4 40. axb4 Kg8
41. Na5 Qd7 42. Nd2 Ra7 43. Qc5 Ne6 44. Qc3 Ra8 45. Kg1 Re8 46. Qe3 Nc7 47. Qf2
Rxe1+ 48. Qxe1 Qe6 49. Qf2 Na6 50. Qg3 Nxb4 51. Qb8+ Kf7 52. Qc7+ Qe7 53. Qf4
g6 54. Nf3 Kg7 55. Qd2 Na6 56. Kf2 Qb4 57. Qxb4 Nxb4 58. Nb7 Nc2 59. Nc5 Bxf3
60. Ne6+ Kf7 61. Nd8+ Ke7 0-1

[Event "17ème Open International de La Réunion"]
[Site "Saint Denis"]
[Date "2015.10.10"]
[Round "4.15"]
[White "Mercadal, Theo"]
[Black "Genne, Rene"]
[Result "1/2-1/2"]
[WhiteElo "1143"]
[BlackElo "1727"]
[PlyCount "90"]
[EventDate "2015.??.??"]

1. c4 e5 2. Nc3 Nf6 3. g3 c6 4. Bg2 Be7 5. e3 O-O 6. Nge2 Qc7 7. O-O d6 8. d3
Nbd7 9. b3 Rb8 10. Bb2 Rd8 11. Rc1 b6 12. d4 Bb7 13. d5 Nf8 14. Qd3 Qd7 15.
Rfd1 c5 16. Rd2 Ba6 17. a4 Qe8 18. Bh3 Bc8 19. Bg2 Bg4 20. h3 Bh5 21. Re1 Qd7
22. e4 Bg6 23. Kh2 h6 24. Ng1 Bh7 25. Rf1 Nh5 26. Nge2 Bg5 27. Rdd1 Ng6 28. Bc1
Bxc1 29. Rxc1 Ne7 30. f4 exf4 31. Nxf4 Nxf4 32. Rxf4 Ng6 33. Rf2 Ne5 34. Qd2
Rf8 35. Rcf1 f6 36. Qc2 Rf7 37. Nb1 Rbf8 38. Nd2 f5 39. Kh1 fxe4 40. Rxf7 Rxf7
41. Rxf7 Qxf7 42. Bxe4 Bxe4+ 43. Nxe4 Qd7 44. Kg2 Qe7 45. Nc3 Kf7 1/2-1/2

[Event "17ème Open International de La Réunion"]
[Site "Saint Denis"]
[Date "2015.10.10"]
[Round "4.16"]
[White "Gaudissard, Dominique"]
[Black "Jotee, Ashvin"]
[Result "0-1"]
[WhiteElo "1723"]
[BlackElo "1399"]
[PlyCount "44"]
[EventDate "2015.??.??"]

1. e4 c6 2. d4 d5 3. Nc3 dxe4 4. Nxe4 Bf5 5. Ng3 Bg6 6. h4 h6 7. h5 Bh7 8. Nf3
Nd7 9. Bd3 Bxd3 10. Qxd3 e6 11. Bd2 Ngf6 12. O-O-O Be7 13. Qe2 O-O 14. Ne5 Qc7
15. f4 c5 16. Bc3 Nd5 17. Bd2 cxd4 18. Ng6 Rfc8 19. Nxe7+ Nxe7 20. Qd3 Nc5 21.
Qxd4 Nb3+ 22. axb3 Qxc2# 0-1

[Event "17ème Open International de La Réunion"]
[Site "Saint Denis"]
[Date "2015.10.10"]
[Round "4.17"]
[White "Duprey, Francois-Xavier"]
[Black "Leonardy, Baptiste"]
[Result "1-0"]
[WhiteElo "1720"]
[BlackElo "1140"]
[PlyCount "65"]
[EventDate "2015.??.??"]

1. c4 d6 2. g3 Nc6 3. Bg2 Bd7 4. d4 Qc8 5. Nc3 a6 6. b3 Nf6 7. Bg5 h6 8. Bxf6
exf6 9. Rc1 b6 10. Qd3 Ra7 11. a3 Be7 12. Nd5 Qb7 13. Qe4 O-O 14. Nxe7+ Kh8 15.
Nxc6 Raa8 16. d5 Rfe8 17. Qd3 Kg8 18. Nf3 Rac8 19. O-O Ra8 20. Nfd4 Rac8 21.
Nf5 Bxf5 22. Qxf5 Ra8 23. Rc3 Rxe2 24. Re3 Rxe3 25. fxe3 Re8 26. Be4 g6 27.
Qxf6 Qc8 28. Ne7+ Rxe7 29. Qxe7 Kg7 30. Rxf7+ Kg8 31. Rg7+ Kh8 32. Rh7+ Kg8 33.
Qf7# 1-0

[Event "17ème Open International de La Réunion"]
[Site "Saint Denis"]
[Date "2015.10.10"]
[Round "4.18"]
[White "Sandjivy, Jean Marc"]
[Black "Andriandaza, Tombo Omar"]
[Result "0-1"]
[WhiteElo "1320"]
[BlackElo "1721"]
[PlyCount "98"]
[EventDate "2015.??.??"]

1. c4 e5 2. Nc3 Nc6 3. e3 Bc5 4. Nf3 a6 5. d4 exd4 6. exd4 Qe7+ 7. Be2 Ba7 8.
Nd5 Qd8 9. Bf4 d6 10. O-O Nge7 11. Bg5 O-O 12. Re1 f6 13. Bh4 Nxd5 14. cxd5 Ne7
15. Bc4 Bg4 16. h3 Bh5 17. g4 Bf7 18. Ng5 Qd7 19. Ne6 Rfe8 20. Qd2 Nxd5 21.
Bxd5 c6 22. Bb3 Bxe6 23. d5 Bf7 24. dxc6 bxc6 25. Bxf7+ Kxf7 26. Qd3 h6 27. Re4
d5 28. Ra4 a5 29. Rf4 Kg8 30. Rf5 Re6 31. Rh5 Qf7 32. Qc2 Rae8 33. Bg3 d4 34.
Bf4 g5 35. Rxh6 Qe7 36. Rg6+ Kf8 37. Rh6 Re4 38. Qxc6 Rxf4 39. Rh8+ Kg7 40.
Rxe8 Qf7 41. Rc8 Kg6 42. Qc2+ d3 43. Qxd3+ Kg7 44. Qc3 Bxf2+ 45. Kh2 Bb6 46.
Rd1 Rf2+ 47. Kg3 Qb7 48. Rc6 Re2 49. Rf1 Re3+ 0-1

[Event "17ème Open International de La Réunion"]
[Site "Saint Denis"]
[Date "2015.10.10"]
[Round "4.19"]
[White "Folio, Cedric"]
[Black "Semrau, Christoph"]
[Result "1-0"]
[WhiteElo "1667"]
[BlackElo "1399"]
[PlyCount "49"]
[EventDate "2015.??.??"]

1. d4 d5 2. Nf3 Nf6 3. Bf4 Nc6 4. e3 Bg4 5. c4 e6 6. Be2 dxc4 7. Bxc4 Bd6 8.
Bxd6 Qxd6 9. Nc3 O-O 10. h3 Bf5 11. Nh4 Be4 12. O-O a6 13. Nxe4 Nxe4 14. Bd3
Nf6 15. Nf3 g6 16. a3 Rfd8 17. Bc2 b5 18. b4 Ne7 19. Ne5 a5 20. Qf3 Rf8 21.
Qxf6 Nd5 22. Qh4 Ne7 23. Ng4 Nf5 24. Qf6 Qd8 25. Be4 1-0

[Event "17ème Open International de La Réunion"]
[Site "Saint Denis"]
[Date "2015.10.10"]
[Round "4.20"]
[White "Dace, Jean Emeric"]
[Black "Mablouke, Ulrich"]
[Result "1-0"]
[WhiteElo "1399"]
[BlackElo "1653"]
[PlyCount "73"]
[EventDate "2015.??.??"]

1. g3 d5 2. Bg2 c6 3. b3 Bf5 4. Bb2 Nd7 5. d3 Ngf6 6. Nd2 e6 7. e3 Bd6 8. Ne2
Qe7 9. e4 dxe4 10. dxe4 Bg6 11. f3 Be5 12. Nc4 Bxb2 13. Nxb2 Ne5 14. Qd4 Qc7
15. Nf4 a6 16. Nc4 Nxc4 17. Qxc4 Rd8 18. Qb4 Nh5 19. Nxh5 Bxh5 20. O-O Bg6 21.
Rad1 h5 22. h4 Bh7 23. a4 f6 24. Qc5 Bg6 25. Qa7 Rb8 26. f4 Bf7 27. e5 O-O 28.
exf6 gxf6 29. Qc5 Kh7 30. Qc3 Bg6 31. Bh3 Bf5 32. Bxf5+ exf5 33. Qc4 Rg8 34.
Qe6 Kg6 35. Rd7 Qb6+ 36. Kh2 Rbf8 37. Qe7 1-0

[Event "17ème Open International de La Réunion"]
[Site "Saint Denis"]
[Date "2015.10.10"]
[Round "4.21"]
[White "Etheve, Lionel"]
[Black "Hoareau, Noe"]
[Result "0-1"]
[WhiteElo "1390"]
[BlackElo "1495"]
[PlyCount "72"]
[EventDate "2015.??.??"]

1. e4 c5 2. Bc4 e6 3. Nc3 a6 4. a3 Qc7 5. Nf3 Nc6 6. d3 Nf6 7. Bg5 Be7 8. h3 b5
9. Bb3 Bb7 10. O-O h5 11. Bh4 Ne5 12. Nxe5 Qxe5 13. Bg3 Qg5 14. Qc1 Qg6 15. Ne2
h4 16. Bh2 d6 17. Nf4 Qh6 18. f3 Nh5 19. Nxh5 Qxh5 20. Qf4 g5 21. Qg4 Qg6 22.
f4 f5 23. exf5 exf5 24. Qe2 Kd7 25. fxg5 Bxg5 26. Bf4 Rae8 27. Qd2 Bxf4 28.
Rxf4 Re7 29. Rf2 Rhe8 30. Raf1 Qg3 31. Qf4 Re2 32. Qxf5+ Kc7 33. Bd5 Bxd5 34.
Qxd5 Rxf2 35. Rxf2 Re1+ 36. Rf1 Qe3+ 0-1

[Event "17ème Open International de La Réunion"]
[Site "Saint Denis"]
[Date "2015.10.10"]
[Round "4.22"]
[White "Goorsahye, Antoine"]
[Black "Ringayen, Francinel"]
[Result "1-0"]
[WhiteElo "1741"]
[BlackElo "1320"]
[PlyCount "139"]
[EventDate "2015.??.??"]

1. e4 e5 2. Nf3 Nc6 3. Bb5 Bd6 4. O-O Nf6 5. d3 O-O 6. Nc3 Re8 7. Bg5 h6 8. Bh4
a6 9. Ba4 b5 10. Bb3 g5 11. Bg3 Bc5 12. Nxe5 Nxe5 13. d4 Bxd4 14. Qxd4 d6 15.
Bxe5 dxe5 16. Qe3 Qd4 17. Qf3 Qd6 18. Rad1 Qc6 19. Nd5 Kg7 20. h3 a5 21. a3 Bb7
22. Rd3 Qd6 23. Rfd1 Nxd5 24. Bxd5 Bxd5 25. Rxd5 Qc6 26. Rd7 Rf8 27. c3 Ra7 28.
Qg4 Qf6 29. R1d3 Rb7 30. Rf3 Qc6 31. Qf5 Qg6 32. Qxe5+ Kg8 33. Rf6 Qg7 34. Qf5
Rb6 35. e5 Rxf6 36. exf6 Qg6 37. Qxg6+ fxg6 38. Rg7+ Kh8 39. Rxg6 Kh7 40. Rg7+
Kh8 41. Rxc7 Rxf6 42. Rc5 Rb6 43. b4 axb4 44. axb4 Kg7 45. Kf1 Kf6 46. Ke2 Ke6
47. Ke3 Kf6 48. Kd4 Ke6 49. Ke4 Kf7 50. Kd5 Rf6 51. f3 Rb6 52. Rc6 Rb8 53. Rxh6
Rd8+ 54. Rd6 Rc8 55. Rc6 Rd8+ 56. Kc5 Rb8 57. Rb6 Rc8+ 58. Kxb5 Rxc3 59. Ka6
Rc2 60. g4 Rc3 61. Rb5 Kg6 62. Rf5 Ra3+ 63. Kb7 Re3 64. b5 Re7+ 65. Ka6 Rh7 66.
b6 Rxh3 67. b7 Rh8 68. Ka7 Rg8 69. b8=Q Rxb8 70. Kxb8 1-0

[Event "17ème Open International de La Réunion"]
[Site "Saint Denis"]
[Date "2015.10.10"]
[Round "4.23"]
[White "Caminade, Lionel"]
[Black "Strate, Wolfgang"]
[Result "0-1"]
[WhiteElo "1220"]
[BlackElo "1628"]
[PlyCount "57"]
[EventDate "2015.??.??"]

1. d4 Nf6 2. Nd2 d5 3. Ngf3 e6 4. e3 Bd6 5. c3 O-O 6. Bd3 Nbd7 7. O-O Re8 8. h3
e5 9. e4 exd4 10. exd5 dxc3 11. bxc3 Nxd5 12. Bb2 Ne5 13. Qc2 Nxd3 14. Qxd3 h6
15. c4 Nf4 16. Qc2 Be6 17. Rfe1 c5 18. Rad1 Qb6 19. Ne4 Bf5 20. Qc3 Bf8 21. Nd6
Rxe1+ 22. Rxe1 Qxd6 23. Re5 Qd3 24. Qe1 Qb1 25. Bc1 Nd3 26. Nd2 Qxc1 27. Nb3
Qxe1+ 28. Rxe1 Nxe1 29. Kf1 0-1

[Event "17ème Open International de La Réunion"]
[Site "Saint Denis"]
[Date "2015.10.10"]
[Round "4.24"]
[White "Melon, Antonin"]
[Black "Evrin, Selvam"]
[Result "1-0"]
[WhiteElo "1520"]
[BlackElo "1220"]
[PlyCount "43"]
[EventDate "2015.??.??"]

1. e4 d5 2. exd5 Nf6 3. d4 Nxd5 4. Nf3 e6 5. c4 Nb6 6. Nc3 c5 7. d5 Bd6 8. Be2
O-O 9. O-O N8d7 10. dxe6 Nf6 11. exf7+ Rxf7 12. Nb5 Be6 13. Qxd6 Bxc4 14. Bxc4
Nxc4 15. Qxd8+ Rxd8 16. b3 Nb6 17. Nxa7 Ne4 18. Bb2 Rd6 19. Nb5 Rg6 20. Ne5
Rxf2 21. Rxf2 Nxf2 22. Nxg6 1-0

[Event "17ème Open International de La Réunion"]
[Site "Saint Denis"]
[Date "2015.10.10"]
[Round "4.25"]
[White "Oster, Jean-Marie"]
[Black "Sandjivy, Vivien"]
[Result "1/2-1/2"]
[WhiteElo "1474"]
[BlackElo "1318"]
[PlyCount "97"]
[EventDate "2015.??.??"]

1. Nf3 d5 2. c4 c6 3. e3 Bf5 4. Nc3 e6 5. d4 Nf6 6. Qb3 Qc7 7. cxd5 exd5 8. Bd2
Nbd7 9. Rc1 a6 10. g3 Ne4 11. Nxd5 Qb8 12. Nb6 Nxb6 13. Qxb6 Bc8 14. Bb4 Bxb4+
15. Qxb4 Nd6 16. Bg2 O-O 17. O-O Bd7 18. Ne5 Be6 19. Rc5 f6 20. Nc4 Nxc4 21.
Rxc4 Bxc4 22. Qxc4+ Kh8 23. d5 cxd5 24. Qxd5 Qc7 25. Qxb7 Qxb7 26. Bxb7 Rab8
27. Bxa6 Rxb2 28. a4 Ra2 29. Bb5 Rd8 30. Kg2 h6 31. g4 Rdd2 32. h3 g5 33. Kg3
Kh7 34. e4 Kg6 35. Be8+ Kg7 36. Kf3 Ra3+ 37. Kg2 Raa2 38. Kg3 Ra3+ 39. f3 Raa2
40. Rg1 Ra3 41. Rg2 Rdd3 42. Rf2 Rd1 43. Kg2 Raa1 44. Kg3 Rg1+ 45. Rg2 Rgf1 46.
Bb5 Rfe1 47. Rd2 Rg1+ 48. Rg2 Rge1 49. Rc2 1/2-1/2

[Event "17ème Open International de La Réunion"]
[Site "Saint Denis"]
[Date "2015.10.10"]
[Round "4.26"]
[White "Cazal, Julian"]
[Black "Assie, Joel"]
[Result "0-1"]
[WhiteElo "1070"]
[BlackElo "1450"]
[PlyCount "100"]
[EventDate "2015.??.??"]

1. e4 e6 2. d4 b6 3. Be3 Bb7 4. Nc3 Bb4 5. Nge2 Bxe4 6. a3 Bxc3+ 7. Nxc3 Bb7 8.
Bf4 d6 9. Bd3 Ne7 10. Qg4 g6 11. O-O-O Qd7 12. Nb5 a6 13. Nc3 e5 14. Qxd7+ Nxd7
15. dxe5 Nxe5 16. Rde1 f6 17. Bd2 O-O-O 18. Be2 Bxg2 19. Rhg1 Bb7 20. Bg4+ Nxg4
21. Rxe7 Ne5 22. Na4 Rd7 23. Nxb6+ cxb6 24. Re6 Rf8 25. Rg3 Bd5 26. Rc3+ Kb7
27. Bh6 Bxe6 28. Bxf8 Rc7 29. Re3 Rc6 30. Re2 d5 31. Be7 Nd7 32. Re3 a5 33. Rf3
Bf5 34. c3 Re6 35. Bb4 axb4 36. axb4 Ne5 37. Rg3 Nd3+ 38. Kd2 Nxf2 39. Rg1 Kc6
40. Rc1 Kb5 41. b3 Rc6 42. Ke3 Ne4 43. c4+ dxc4 44. bxc4+ Rxc4 45. Rd1 Kxb4 46.
Rb1+ Kc5 47. Ra1 g5 48. Ra7 Rc3+ 49. Ke2 Bg4+ 50. Ke1 Rc1# 0-1

[Event "17ème Open International de La Réunion"]
[Site "Saint Denis"]
[Date "2015.10.10"]
[Round "4.27"]
[White "Petry, Joachim"]
[Black "Padre, Maxime"]
[Result "1/2-1/2"]
[WhiteElo "1399"]
[BlackElo "1200"]
[PlyCount "127"]
[EventDate "2015.??.??"]

1. e4 d5 2. exd5 Nf6 3. Nc3 Nxd5 4. Nxd5 Qxd5 5. c4 Qd8 6. d4 g6 7. Nf3 Bg7 8.
Be3 O-O 9. Qb3 Nc6 10. Rd1 e6 11. Be2 Qe7 12. O-O Qb4 13. Qc2 Qe7 14. a3 b6 15.
b4 a6 16. Qd2 Rd8 17. Qc1 Bb7 18. Rfe1 Rd7 19. Bg5 f6 20. Bh6 Bh8 21. Bf4 Rad8
22. Be3 Bg7 23. Rd2 e5 24. d5 Na7 25. Red1 Nc8 26. Ne1 c6 27. dxc6 Bxc6 28. b5
axb5 29. cxb5 Bb7 30. Nd3 Bf8 31. Nb4 Rxd2 32. Rxd2 Nd6 33. Bxb6 Rc8 34. Qd1
Rc3 35. a4 Nc4 36. Nd5 Bxd5 37. Rxd5 Nxb6 38. Rd3 Rxd3 39. Bxd3 Qb4 40. Bc2 Qd4
41. Bb3+ Kh8 42. Qc2 Qa1+ 43. Qd1 Qxd1+ 44. Bxd1 Bb4 45. g4 Kg8 46. h4 Kf8 47.
Kg2 Ke7 48. Kg3 f5 49. f4 e4 50. Bc2 e3 51. Kf3 fxg4+ 52. Kxe3 Kf6 53. Kf2 h5
54. Kg2 Bd2 55. Kf1 Bxf4 56. a5 Nc4 57. a6 Nb6 58. a7 g3 59. Be4 Be5 60. Ke2 g5
61. hxg5+ Kxg5 62. Bg2 h4 63. Kf3 Kf5 64. Bh3+ 1/2-1/2